000 00518nam a2200181Ia 4500
001 3631
005 20260306145657.0
008 260306t2003||||xx |||||||||||||| ||spa||
041 _aESP
082 _a301
_bA62
100 _aArdèvol Piera, Elisenda (coordª.)
_eAUT
245 0 _aAntropología de la religión:
_buna aproximación interdisciplinar a las religiones antiguas y contemporáneas
260 _c2003
300 _a504 páginas :
_c24 cm.
650 _aGEN
654 _aCHU
942 _cLIB
_dJUS
_fJUS
_2ddc
_n
999 _c3631
_d3631